[Event "Nikaia op 13th"]
[Site "Nikaia"]
[Date "2005.08.25"]
[Round "4"]
[White "Petrosian, Tigran A"]
[Black "Maliaros, Stavros"]
[Result "1/2-1/2"]
[WhiteElo "2349"]
[BlackElo "2225"]
[PlyCount "92"]
[EventDate "2005.08.23"]
[EventType "swiss"]
[EventRounds "9"]
[EventCountry "GRE"]
[SourceTitle "CBM 108 Extra"]
[Source "ChessBase"]
[SourceDate "2005.11.04"]
[SourceVersion "1"]
[SourceVersionDate "2005.11.04"]
[SourceQuality "1"]

1. e4 c5 2. Nf3 Nc6 3. d4 cxd4 4. Nxd4 Nf6 5. Nc3 e6 6. g3 d5 7. Bg2 dxe4 8. Nxc6 Qxd1+ 9. Kxd1 bxc6 10. Nxe4 Nxe4 11. Bxe4 Bb7 12. Be3 0-0-0+ 13. Ke1 Kb8 14. Rd1 Be7 15. Ke2 f5 16. Rxd8+ Rxd8 17. Bd3 Bf6 18. c3 g6 19. Bc4 c5 20. Re1 Bd5 21. Bxd5 Rxd5 22. Rd1 Rxd1 23. Kxd1 Be7 24. Kc2 Kb7 25. Kd3 Kc6 26. Kc4 e5 27. b4 cxb4 28. cxb4 a6 29. a4 e4 30. b5+ axb5+ 31. axb5+ Kb7 32. Kd5 Bd8 33. Ke6 Bb6 34. Ke5 Bxe3 35. fxe3 Kb6 36. g4 fxg4 37. Kxe4 Kxb5 38. Kf4 h5 39. Kg5 Kc5 40. e4 Kd6 41. Kf6 h4 42. e5+ Kd5 43. e6 g3 44. e7 g2 45. e8Q g1Q 46. Qe6+ Kc5 1/2-1/2

[Event "Yerevan Petrosian Memorial op"]
[Site "Yerevan"]
[Date "2004.11.23"]
[Round "5"]
[White "Minasian, Artashes"]
[Black "Petrosian, Tigran A"]
[Result "1-0"]
[WhiteElo "2584"]
[BlackElo "2321"]
[PlyCount "65"]
[EventDate "2004.11.18"]
[EventType "swiss"]
[EventRounds "9"]
[EventCountry "ARM"]
[SourceTitle "CBM 103 Extra"]
[Source "ChessBase"]
[SourceDate "2005.01.01"]
[SourceVersion "1"]
[SourceVersionDate "2005.01.01"]
[SourceQuality "1"]

1. e4 c5 2. Nc3 Nc6 3. f4 g6 4. Nf3 Bg7 5. Bb5 Nd4 6. 0-0 Nxb5 7. Nxb5 d5 8. e5 Bg4 9. d4 a6 10. Nc3 cxd4 11. Qxd4 e6 12. Ne1 h5 13. Qf2 Ne7 14. h3 Bf5 15. Nf3 Rc8 16. Be3 Qc7 17. Rac1 b5 18. a3 Nc6 19. Bb6 Qb7 20. Bc5 Na5 21. Ne2 Qc6 22. b4 Nc4 23. Ned4 Qb7 24. Ra1 Be4 25. Ng5 Bf8 26. Bxf8 Kxf8 27. a4 Ra8 28. axb5 Kg7 29. bxa6 Qxb4 30. Rab1 Qd2 31. Rb7 Qxf2+ 32. Kxf2 Rhe8 33. a7 1-0

[Event "Yerevan Petrosian Memorial op"]
[Site "Yerevan"]
[Date "2004.11.22"]
[Round "4"]
[White "Petrosian, Tigran A"]
[Black "Smirnov, Pavel"]
[Result "0-1"]
[WhiteElo "2321"]
[BlackElo "2626"]
[PlyCount "64"]
[EventDate "2004.11.18"]
[EventType "swiss"]
[EventRounds "9"]
[EventCountry "ARM"]
[SourceTitle "CBM 103 Extra"]
[Source "ChessBase"]
[SourceDate "2005.01.01"]
[SourceVersion "1"]
[SourceVersionDate "2005.01.01"]
[SourceQuality "1"]

1. d4 d5 2. Nf3 Nf6 3. Bf4 c5 4. e3 Nc6 5. c3 Qb6 6. Qc1 Bf5 7. Nbd2 cxd4 8. exd4 Rc8 9. a3 e6 10. Be2 Be7 11. 0-0 0-0 12. Re1 Ne4 13. Be3 Nxd2 14. Qxd2 Na5 15. Ra2 Qb3 16. Raa1 b5 17. Bd1 Qc4 18. Ne5 Qc7 19. g4 Be4 20. f3 f6 21. fxe4 fxe5 22. Qg2 Nc4 23. exd5 Bh4 24. Bc2 Nxe3 25. Rxe3 Bf2+ 26. Kh1 Bxe3 27. Qe4 exd4 28. Qxh7+ Kf7 29. Qg6+ Ke7 30. Qxe6+ Kd8 31. Bf5 Rb8 32. cxd4 Re8 0-1

[Event "Batumi BCSA op"]
[Site "Batumi"]
[Date "2003.07.24"]
[Round "8"]
[White "Tqebuchava, Gocha"]
[Black "Petrosian, Tigran A"]
[Result "1/2-1/2"]
[WhiteElo "2350"]
[BlackElo "2259"]
[PlyCount "45"]
[EventDate "2003.07.16"]
[EventType "swiss"]
[EventRounds "9"]
[EventCountry "GEO"]
[SourceTitle "CBM 095 Extra"]
[Source "ChessBase"]
[SourceDate "2003.09.04"]
[SourceVersion "1"]
[SourceVersionDate "2003.09.04"]
[SourceQuality "1"]

1. d4 d5 2. c4 e6 3. Nf3 Nf6 4. Bg5 Nbd7 5. Nc3 Bb4 6. a3 Bxc3+ 7. bxc3 c5 8. cxd5 exd5 9. Bxf6 Nxf6 10. Nd2 0-0 11. e3 Bf5 12. Be2 Qa5 13. dxc5 Qxc5 14. Qb3 Rac8 15. Rc1 d4 16. exd4 Qe7 17. Kf1 Rfe8 18. Bb5 Ng4 19. Nf3 Red8 20. h3 Nf6 21. Kg1 a6 22. Bf1 Be4 23. Re1 1/2-1/2

[Event "Batumi BCSA op"]
[Site "Batumi"]
[Date "2003.07.22"]
[Round "6"]
[White "Kacheishvili, Giorgi"]
[Black "Petrosian, Tigran A"]
[Result "1-0"]
[WhiteElo "2603"]
[BlackElo "2259"]
[PlyCount "59"]
[EventDate "2003.07.16"]
[EventType "swiss"]
[EventRounds "9"]
[EventCountry "GEO"]
[SourceTitle "CBM 095 Extra"]
[Source "ChessBase"]
[SourceDate "2003.09.04"]
[SourceVersion "1"]
[SourceVersionDate "2003.09.04"]
[SourceQuality "1"]

1. d4 d5 2. c4 e6 3. Nf3 Nf6 4. Bg5 Be7 5. Nc3 0-0 6. e3 Nbd7 7. Rc1 c6 8. Bd3 dxc4 9. Bxc4 Nd5 10. Bxe7 Qxe7 11. 0-0 Nxc3 12. Rxc3 e5 13. Bb3 exd4 14. exd4 Nf6 15. Re1 Qd6 16. Ne5 Be6 17. Bxe6 fxe6 18. Qb3 Nd5 19. Rg3 Qe7 20. Nd3 Rae8 21. Rg4 Rf7 22. Rge4 Qf6 23. Qa3 a6 24. Qd6 Rd8 25. Qg3 Ne7 26. Rxe6 Qxd4 27. Ne5 Nf5 28. Qb3 Qd5 29. Nxf7 Qxb3 30. Nxd8 1-0

[Event "Batumi BCSA op"]
[Site "Batumi"]
[Date "2003.07.20"]
[Round "4"]
[White "Supatashvili, Khvicha"]
[Black "Petrosian, Tigran A"]
[Result "1-0"]
[WhiteElo "2491"]
[BlackElo "2259"]
[PlyCount "73"]
[EventDate "2003.07.16"]
[EventType "swiss"]
[EventRounds "9"]
[EventCountry "GEO"]
[SourceTitle "CBM 095 Extra"]
[Source "ChessBase"]
[SourceDate "2003.09.04"]
[SourceVersion "1"]
[SourceVersionDate "2003.09.04"]
[SourceQuality "1"]

1. d4 d5 2. c4 e6 3. Nf3 c6 4. Nbd2 f5 5. g3 Nf6 6. Bg2 Bd6 7. 0-0 0-0 8. b3 Bd7 9. Ne5 Be8 10. Ndf3 Ne4 11. Qc2 Qe7 12. Nd3 Nd7 13. Bf4 Bxf4 14. Nxf4 Kh8 15. Nd3 Bh5 16. Nfe5 Nxe5 17. Nxe5 Nd6 18. Nd3 Rad8 19. e3 Rg8 20. c5 Ne4 21. b4 g5 22. Rab1 a6 23. a4 Be8 24. Rfe1 Qg7 25. Ne5 Nf6 26. Bf1 Nd7 27. Nxd7 Bxd7 28. Qc3 Rge8 29. b5 axb5 30. axb5 e5 31. bxc6 Bxc6 32. dxe5 Qxe5 33. Qd2 Ra8 34. Rb4 Ra5 35. Rxb7 Bxb7 36. Qxa5 d4 37. Qb4 1-0

[Event "Batumi BCSA op"]
[Site "Batumi"]
[Date "2003.07.18"]
[Round "2"]
[White "Petrosian, Tigran L"]
[Black "Petrosian, Tigran A"]
[Result "1-0"]
[WhiteElo "2444"]
[BlackElo "2259"]
[PlyCount "47"]
[EventDate "2003.07.16"]
[EventType "swiss"]
[EventRounds "9"]
[EventCountry "GEO"]
[SourceTitle "CBM 095 Extra"]
[Source "ChessBase"]
[SourceDate "2003.09.04"]
[SourceVersion "1"]
[SourceVersionDate "2003.09.04"]
[SourceQuality "1"]

1. e4 c5 2. Nc3 Nc6 3. Bb5 Nd4 4. Ba4 a6 5. d3 e6 6. Nge2 b5 7. Bb3 Nxb3 8. axb3 Bb7 9. 0-0 Nf6 10. f4 d5 11. e5 d4 12. exf6 dxc3 13. f5 Qd5 14. Rf2 gxf6 15. fxe6 fxe6 16. Nf4 Qd7 17. Nxe6 Qxe6 18. Re2 Qxe2 19. Qxe2+ Be7 20. Qh5+ Kd8 21. bxc3 Rc8 22. Bf4 Rc6 23. Re1 Rg8 24. Qd5+ 1-0

[Event "Batumi op"]
[Site "Batumi"]
[Date "2001.06.29"]
[Round "4"]
[White "Petrosian, Tigran A"]
[Black "Vardanian, Haik"]
[Result "1-0"]
[WhiteElo "2151"]
[BlackElo "2243"]
[PlyCount "107"]
[EventDate "2001.06.26"]
[EventType "swiss"]
[EventRounds "9"]
[EventCountry "GEO"]
[SourceTitle "EXT 2002"]
[Source "ChessBase"]
[SourceDate "2001.11.25"]
[SourceVersion "1"]
[SourceVersionDate "2001.11.25"]
[SourceQuality "1"]

1. d4 g6 2. Nf3 Bg7 3. Bg5 d6 4. e3 Nd7 5. c4 c6 6. Nc3 Ngf6 7. Be2 0-0 8. 0-0 Re8 9. Qc2 Qc7 10. Rfd1 Nf8 11. Bh4 Bd7 12. Rac1 Rad8 13. b4 h6 14. Nd2 N6h7 15. Bg3 e5 16. dxe5 dxe5 17. c5 f5 18. f3 f4 19. Bf2 Nf6 20. Nc4 fxe3 21. Bxe3 Bf5 22. Bd3 Rxd3 23. Rxd3 Bxd3 24. Qxd3 Kh7 25. Rd1 Re7 26. Qd6 Ne8 27. Qxc7 Nxc7 28. Nd6 Nfe6 29. Nxb7 Nd5 30. Nxd5 Rxb7 31. Nc3 Rxb4 32. Rd7 a5 33. Ne4 Kg8 34. h4 Rb1+ 35. Kh2 Rb2 36. Rd6 Nd4 37. Rxg6 Nf5 38. Bf2 Ne7 39. Rg4 Rxa2 40. h5 Rc2 41. Be3 Kh7 42. Nd6 Nd5 43. Nf5 Bf8 44. Bg1 Nf4 45. Nd6 a4 46. Ne8 Nxh5 47. Rxa4 Bxc5 48. Bxc5 Rxc5 49. Ra7+ Kg6 50. g4 Rc2+ 51. Kg1 Kg5 52. gxh5 Kxh5 53. Rg7 c5 54. Rg4 1-0

[Event "Batumi op"]
[Site "Batumi"]
[Date "2001.06.27"]
[Round "2"]
[White "Petrosian, Tigran A"]
[Black "Arutinian, David"]
[Result "1/2-1/2"]
[WhiteElo "2151"]
[BlackElo "2396"]
[PlyCount "70"]
[EventDate "2001.06.26"]
[EventType "swiss"]
[EventRounds "9"]
[EventCountry "GEO"]
[SourceTitle "EXT 2002"]
[Source "ChessBase"]
[SourceDate "2001.11.25"]
[SourceVersion "1"]
[SourceVersionDate "2001.11.25"]
[SourceQuality "1"]

1. d4 d5 2. Nf3 Nf6 3. Bf4 c6 4. e3 Bg4 5. c3 Nbd7 6. Nbd2 e6 7. Bd3 Be7 8. Qc2 Bh5 9. Ne5 Nxe5 10. Bxe5 Bg6 11. Bxf6 Bxd3 12. Qxd3 Bxf6 13. f4 0-0 14. 0-0 Qc7 15. Rae1 c5 16. Nf3 Rab8 17. Ne5 g6 18. a4 Bg7 19. Ra1 Rfc8 20. Qd2 b5 21. axb5 Rxb5 22. Ra2 Rcb8 23. Rfa1 a5 24. Nd3 Bf8 25. Nf2 Bd6 26. g3 Qb6 27. Rb1 a4 28. Rxa4 Rxb2 29. Rxb2 Qxb2 30. Qxb2 Rxb2 31. Ra6 Bf8 32. Nd3 Rb1+ 33. Kf2 c4 34. Ne5 Rb7 35. e4 Rb2+ 1/2-1/2

[Event "Fajr op 10th"]
[Site "Iran"]
[Date "2001.02.08"]
[Round "6"]
[White "Petrosian, Tigran A"]
[Black "Akbarinia, Sayed Arash"]
[Result "1-0"]
[WhiteElo "2122"]
[BlackElo "2196"]
[PlyCount "45"]
[EventDate "2001.02.03"]
[EventType "swiss"]
[EventRounds "9"]
[EventCountry "IRI"]
[SourceTitle "CBM 080 Extra"]
[Source "ChessBase"]
[SourceDate "2001.03.08"]
[SourceVersion "1"]
[SourceVersionDate "2001.03.08"]
[SourceQuality "1"]

1. d4 d5 2. c4 e6 3. Nc3 Nf6 4. cxd5 exd5 5. Bg5 c6 6. e3 Be7 7. Qc2 0-0 8. Bd3 Nbd7 9. Nf3 Re8 10. 0-0 Ne4 11. Bxe4 Bxg5 12. Bxh7+ Kh8 13. Nxg5 Qxg5 14. Bf5 g6 15. Bxd7 Bxd7 16. Rae1 Kg7 17. f4 Qh5 18. Qf2 Bg4 19. Qg3 Re6 20. Rf2 Rae8 21. Rd2 b6 22. b4 Qf5 23. b5 1-0